000 00315nam a22001337a 4500
008 170821b xxu||||| |||| 00| 0 eng d
020 _a9781559532266
041 _aeng
080 _a51
100 _a37
101 _aMAT
245 _aADVANCED ALGEBRA THROUGH DATA EXPLORATION
_cMURDOCK.J
942 _2udc
_cBK
999 _c24221
_d24221